000 00431nam a2200181Ia 4500
008 220531s9999 xx 000 0 und d
041 _aeng
082 _bCHA
100 _aChandra, Ramesh
_948457
245 _aIdentity And Genesis Of Caste System In India
250 _a1ST
260 _bKalpaz
_c2004
300 _a389
542 _d31-03-2006
650 _aSociology
_948458
906 _d2005-2006
999 _c28356
_d28356